Optimalizácia daňového a odvodového zaťaženia vybraného podniku bakalárska práca

Salvato in:
Dettagli Bibliografici
Autore principale: Kaszonyi, Peter
Ente Autore: Podnikovohospodárska fakulta EU so sídlom v Košiciach. Katedra finančného riadenia podniku
Altri autori: Simonidesová, Jana, 1968-
Natura: Libro
Lingua:slovacco
Pubblicazione: Košice 2017
Tags: Aggiungi Tag
Nessun Tag, puoi essere il primo ad aggiungerne!!

MARC

LEADER 00000nbm a2200000 4500
001 0231696
005 20171113101949.1
041 0 |a slo 
044 |a SK 
245 1 0 |a Optimalizácia daňového a odvodového zaťaženia vybraného podniku  |b bakalárska práca  |c Peter Kaszonyi ; školiteľ: Jana Simonidesová 
264 1 |a Košice  |c 2017 
300 |a 67 s. 
100 1 |a Kaszonyi, Peter 
700 1 |a Simonidesová, Jana, 1968- 
710 2 |a Podnikovohospodárska fakulta EU so sídlom v Košiciach. Katedra finančného riadenia podniku